|
|
|
|
| LEADER |
00000nab a2200000 a 4500 |
| 001 |
vtls000736175 |
| 003 |
SK-MaSNL |
| 005 |
20260304113428.0 |
| 008 |
250429c2000 xo 0 slo |
| 015 |
|
|
|a SNBRB2000/10-26495
|
| 035 |
|
|
|a CLN000088042
|
| 035 |
|
|
|a urn:nbn:sk:snk-abbtsp
|
| 035 |
|
|
|a (urnnbn)urn:nbn:sk:snk:ar-006eax
|
| 035 |
|
|
|a (uuid)c20dcf74-5290-4492-9d93-65293b50331a
|
| 040 |
|
|
|a SNKBUCL
|b slo
|c SNKBUCL
|e AACR2
|
| 041 |
0 |
|
|a cze
|
| 044 |
|
|
|a xo
|c SK
|
| 080 |
|
|
|a 504.54(437.1/.2):332.3
|2 1997
|
| 080 |
|
|
|a 332.3(437.1/.2)
|2 1997
|
| 080 |
|
|
|a 911.3(437.1/.2)
|2 1997
|
| 100 |
1 |
|
|a Lipský, Zdeněk,
|d 1953-
|4 aut
|9 226609
|
| 245 |
1 |
0 |
|a Současné změny ve využívání půdy
|b (nové funkce venkovské krajiny?)
|c Zdeněk Lipský, Daniel Kvapil
|
| 300 |
|
|
|b Obr., tab.
|
| 504 |
|
|
|a Res. angl.
|
| 504 |
|
|
|a Bibliogr. odkazy
|
| 650 |
0 |
7 |
|a krajina vidiecka
|x pôda
|x využitie
|z Česko
|2 snkbucl
|9 1416737
|
| 650 |
0 |
7 |
|a pôda
|2 snkbucl
|9 1159
|
| 655 |
|
7 |
|a články z novín a časopisov
|2 snkbucl
|9 267496
|
| 700 |
1 |
|
|a Kvapil, Daniel,
|d 1972-
|4 aut
|9 19346
|
| 773 |
0 |
|
|t Životné prostredie
|g Roč. 34, č. 3 (2000), s. 148-153
|x 0044-4863
|
| 850 |
|
|
|a Slovenská národná knižnica
|
| 852 |
|
|
|a Slovenská národná knižnica
|
| 958 |
|
|
|a article15
|
| 958 |
|
|
|a OND
|
| 958 |
|
|
|a CZ
|
| 958 |
|
|
|a NB
|
| 958 |
|
|
|a EUIPO
|
| 992 |
|
|
|a RBX
|
| 999 |
|
|
|c 2869340
|d 2871270
|